| 000 | 00580nam a22001937a 4500 | ||
|---|---|---|---|
| 003 | BUBTL | ||
| 008 | 160402b xxu||||| |||| 00| 0 eng d | ||
| 020 | _a978-0-07-014160-5 | ||
| 082 | _a004/ B181f/ 2009 | ||
| 100 |
_983 _aBalagurusamy, E. |
||
| 245 |
_aFundamentals of Computers / _cE. Balagurusamy |
||
| 260 |
_aNew Delhi : _bMcGraw Hill Education, _cc2009. |
||
| 300 |
_axx,475 p.: _bill. ; _c24 cm |
||
| 650 | 0 |
_9457 _aComputer Science |
|
| 700 |
_983 _aBalagurusamy, E. |
||
| 856 |
_k0 _l0 _yDownload |
||
| 942 |
_2ddc _cBK |
||
| 999 |
_c5194 _d5194 |
||